| 000 | 00388nam a2200133Ia 4500 | ||
|---|---|---|---|
| 008 | 230128s9999 xx 000 0 und d | ||
| 041 | _aeng | ||
| 082 |
_aWIL XB0140 _bWIL |
||
| 100 |
_aWilliams R S _9118988 |
||
| 245 | _aManaging employee performance : design and implementation in organisation | ||
| 260 |
_c2003 _bThomson publication _aNew Delhi |
||
| 300 | _a278p | ||
| 999 |
_c97291 _d97291 |
||